Погрешности дискретного преобразования в цифровых фазометрах с время-импульсным кодированием и методы их уменьшения: Диссертация на соискание ученой степени кандидата технических наук

Bibliografiske detaljer
Hovedforfatter: Чмых М. К.
Institution som forfatter: Томский институт радиоэлектроники и электронной техники (ТИРиЭТ)
Andre forfattere: Шульженко К. М. (научный руководитель), Кузнецкий С. С.
Sprog:russisk
Udgivet: Томск, 1969
Fag:
Format: MixedMaterials Bog
KOHA link:https://koha.lib.tpu.ru/cgi-bin/koha/opac-detail.pl?biblionumber=137109

MARC

LEADER 00000nbm0a2200000 4500
001 137109
005 20231031140920.0
035 |a (RuTPU)RU\TPU\book\148600 
090 |a 137109 
100 |a 20080505d1969 k y0rusy50 ca 
101 0 |a rus 
102 |a RU 
105 |a a m 001zy 
200 1 |a Погрешности дискретного преобразования в цифровых фазометрах с время-импульсным кодированием и методы их уменьшения  |e Диссертация на соискание ученой степени кандидата технических наук  |f М. К. Чмых  |g Томский институт радиоэлектроники и электронной техники (ТИРиЭТ) ; науч. рук. К. М. Шульженко , С. С. Кузнецкий 
210 |a Томск  |d 1969 
215 |a 220 л.  |c ил. 
320 |a Библиогр.: с.206- 220 (127 назв.) 
610 1 |a диссертации 
610 1 |a дискретные преобразования 
610 1 |a кодирование 
610 1 |a уменьшение 
610 1 |a погрешности 
610 1 |a фазометры 
610 1 |a квантование 
610 1 |a время-импульсные преобразования 
675 |a 621.317.7(04)  |v 3 
700 1 |a Чмых  |b М. К. 
702 1 |a Шульженко  |b К. М.  |4 727 
702 1 |a Кузнецкий  |b С. С.  |4 727 
712 0 2 |a Томский институт радиоэлектроники и электронной техники (ТИРиЭТ)  |c (1962-1971)  |2 stltpush  |3 (RuTPU)RU\TPU\col\44 
801 1 |a RU  |b 63413507  |c 20080505  |g PSBO 
801 2 |a RU  |b 63413507  |c 20080505  |g PSBO 
942 |c BK